| 000 | 00531nam a2200217 a 4500 | ||
|---|---|---|---|
| 999 |
_c7766 _d7766 |
||
| 001 | 7766 | ||
| 003 | BD-JhCC | ||
| 005 | 20180213174756.0 | ||
| 008 | 180213s1953 p |||| || | 000 0 eng d | ||
| 035 | _a(BD-JhCC)7766 | ||
| 040 |
_aBD-JhCC _dBD-JhCC |
||
| 041 | _aeng | ||
| 082 |
_a954 _bCRO 1953 |
||
| 100 | _aCrookshank, Dr. H. | ||
| 245 |
_aThe Geological Survey of Pakistan / _cDr. H. Crookshank, |
||
| 260 |
_aPakistam : _c1953. |
||
| 300 |
_a68 p. : _c24 cm. |
||
| 650 | _aPakistan | ||
| 942 |
_2ddc _cBK |
||